| 000 | 00620nam a2200217Ia 4500 | ||
|---|---|---|---|
| 008 | 150520s9999 xx 000 0 und d | ||
| 050 | _aT 1 | ||
| 050 | _b.T161 2015 | ||
| 100 | _aTan, Schenine Janielle L. | ||
| 245 | _aPayroll management system for marcbilt construction incorporated/ | ||
| 245 | _cSchenine Janielle L. Tan. | ||
| 260 | _aLas PiƱas, Philippines : | ||
| 260 | _bSISC, | ||
| 260 | _c2015. | ||
| 300 | _a61 pages : | ||
| 300 | _billustrations ; | ||
| 300 | _c28 cm. | ||
| 500 | _aIncludes bibliographical references and appendices. | ||
| 650 | _aManagement System | ||
| 650 | _xFinance | ||
| 999 |
_c284064 _d284064 |
||